| Tag |
First Indicator |
Second Indicator |
Subfields |
| LEADER |
00000cam a2200000 i 4500 |
| 001 |
in00000478317 |
| 005 |
20151013051322.0 |
| 008 |
750827s1975 ne a b 00110 eng |
| 010 |
|
|
|a 73020941
|
| 015 |
|
|
|a Ne74-51
|
| 020 |
|
|
|a 0444412034 :
|c fl 81.12
|
| 035 |
|
|
|a (OCoLC)01429668
|
| 035 |
|
|
|9 ACA9895AM
|
| 040 |
|
|
|a DLC
|c DLC
|d OCL
|d TXA
|d UtOrBLW
|
| 043 |
|
|
|a n-us-ma
|
| 049 |
|
|
|a TXAM
|c 1 [1373055], 2 [1138135]
|
| 050 |
0 |
0 |
|a QH105.M4
|b P37
|
| 082 |
0 |
|
|a 574.5/2636
|
| 100 |
1 |
|
|a Parker, Robert H.
|
| 245 |
1 |
4 |
|a The study of Benthic communities :
|b a model and a review /
|c by Robert H. Parker.
|
| 264 |
|
1 |
|a Amsterdam :
|b Elsevier Scientific Pub. Co. ;
|a New York :
|b American Elsevier,
|c 1975.
|
| 300 |
|
|
|a x, 279 pages :
|b illustrations ;
|c 25 cm.
|
| 336 |
|
|
|a text
|b txt
|2 rdacontent
|
| 337 |
|
|
|a unmediated
|b n
|2 rdamedia
|
| 338 |
|
|
|a volume
|b nc
|2 rdacarrier
|
| 490 |
1 |
|
|a Elsevier oceanography series ;
|v 9
|
| 500 |
|
|
|a Includes index.
|
| 504 |
|
|
|a Bibliography: pages [253]-259.
|
| 650 |
|
0 |
|a Marine ecology
|z Massachusetts.
|
| 650 |
|
0 |
|a Benthos
|z Massachusetts.
|
| 830 |
|
0 |
|a Elsevier oceanography series ;
|v 9.
|
| 999 |
|
|
|a MARS
|
| 999 |
f |
f |
|s c28daa59-5403-30c7-a460-f80fe3bc49a9
|i 92a0c2cf-4ae9-3a7d-b92e-da8435c3f52d
|t 0
|
| 952 |
f |
f |
|p ric
|a Texas A&M University
|b Rellis Campus
|c Joint Library Facility
|s JLF
|d Remote Storage
|t 0
|e QH105.M4 P37
|h Library of Congress classification
|i unmediated -- volume
|m A14804830739
|
| 998 |
f |
f |
|a QH105.M4 P37
|t 0
|l Remote Storage
|